| 000 | 00738nam a2200229 a 4500 | ||
|---|---|---|---|
| 005 | 20250311063801.0 | ||
| 008 | 010709s1995 r 000 0 eng d | ||
| 020 | _a9701006372 | ||
| 035 | _aUPN01000109362 | ||
| 049 | _aCG | ||
| 050 | 4 |
_aTK5105.875 I57 _bK7.28 1995 |
|
| 100 | 1 | _aKrol, Ed. | |
| 245 | 1 | 0 |
_aConéctate al mundo de internet / _cEd. Krol ; tr. Hugo Edmundo García. |
| 250 | _a12a ed. | ||
| 260 |
_aMéxico : _bMcGraw-Hill, _c1995. |
||
| 300 |
_axxvi, 597 p. : _bil. |
||
| 590 | _a(También localizas un ejemplar en el "Area de Reserva") | ||
| 590 | _aBibliografía Básica (BGTQ) | ||
| 500 | _aTítulo de la cubierta: Conéctate al mundo internet : guía y catálogo. | ||
| 650 | 4 |
_aInternet _9547 |
|
| 905 | _aLibro | ||
| 999 |
_c83273 _d83273 |
||